Statistiques concernant Les marques de moto cross

Cliquez ici pour prendre le quiz!

Statistiques générales

  • Ce quiz a été pris 838 fois
  • Le résultat moyen est 5 sur 9

Statistiques - réponses

Marque% Correct
8Yamaha
97%
5KTM
93%
2Honda
87%
6Suzuki
80%
3Husqvarna
54%
1Gas gas
49%
4Kawazaki
36%
9Beta
34%
7TM Racing
13%

Distribution des résultats

Percentile par nombre de réponses

% des personnes avec chaque résultat

Votre développement - résultats

Vous n’avez pas pris ce quiz